Neurofisiología de la oclusión (Registro nro. 630)

Detalles MARC
000 -Cabecera
Campo de control de longitud fija 00739aam a2200277 4500
005 - Fecha y hora de la última transacción
Campo de control 20251215144127.0
008 - Elementos de longitud fija--Información general
Campo de control de longitud fija 150824b xxu||||| |||| 00| 0 spa d
020 ## - International Standard Book Number
Número Internacional Estándar del Libro (ISBN) 9589501427
041 ## - Idioma
Código de idioma Español
082 ## - Clasificación Decimal Dewey
Número de clasificación 617.6 E19n
100 ## - Entrada principal--Autor personal
Nombre personal Echeverri Guzman, Enrique
9 (RLIN) 19271
100 ## - Entrada principal--Autor personal
Nombre personal Sencherman Kovalki, Gisela
9 (RLIN) 19272
245 ## - Título propiamente dicho
Título Neurofisiología de la oclusión
260 ## - Pie de imprenta
Lugar de publicación, distribución, etc. Colombia
260 ## - Pie de imprenta
Nombre del editor, distribuidor, etc. Ediciones Monserrate
260 ## - Pie de imprenta
Fecha de publicación, distribución, etc. 1990
300 ## - Descripción física
Extensión 239 páginas
300 ## - Descripción física
Otras características físicas Ilustraciones a blanco y negro
490 ## - Serie
Título de la Serie Mecánica Dental
650 ## - Materia general
Temática (materia general) OCLUSIÓN
650 ## - Materia general
Temática (materia general) SISTEMA ESTOMATOGNÁTICO
650 ## - Materia general
Temática (materia general) FISIOLOGÍA MANDIBULAR
650 ## - Materia general
Temática (materia general) MORFOLOGÍA OCLUSAL
650 ## - Materia general
Temática (materia general) BRUXISMO
942 ## - Punto de acceso adicional KOHA
Tipo de ítem KOHA Libro
Fuente del sistema de clasificación o colocación Dewey Decimal Classification
Existencias
Signatura completa Código de barras Programa Académico Tipo de ítem
617.6 E19n 1638 Mecánica Dental Libro